LIBRARY & INFORMATION CENTRE, KCAET, TAVANUR

ONLINE PUBLIC ACCESS CATALOGUE (OPAC)

Automation friend or foe / (Record no. 10595)

MARC details
000 -LEADER
fixed length control field 00389cam a2200145ua 4500
041 ## - LANGUAGE CODE
Language code of text/sound track or separate title eng
082 ## - DEWEY DECIMAL CLASSIFICATION NUMBER
Classification number 629.25
Item number MAC/AU
100 ## - MAIN ENTRY--AUTHOR NAME
Personal name Macmillan, R H .
245 ## - TITLE STATEMENT
Title Automation friend or foe /
260 ## - PUBLICATION, DISTRIBUTION, ETC. (IMPRINT)
Place of publication London :
Name of publisher Cambridge at the University Press ,
Year of publication 1956.
300 ## - PHYSICAL DESCRIPTION
Number of Pages 100 :
Other physical details 506 ; .
942 ## - ADDED ENTRY ELEMENTS (KOHA)
Koha item type Books
Holdings
Withdrawn status Lost status Damaged status Home library Current library Date acquired Full call number Accession Number Koha item type Public note
Withdrawn     KAUAET KAUAET 07/04/2012 629.25 MAC/AU 3924 Books Deleted
free website counter